1270 1347 1176 1898 1908 1822 1031 1370 1575 1281 1404 1231 1116 1476 1351 1839 1283 1546 1878 1747 1071 1740 1266 1603 1253 1537 1546 1035 1297 1424 1289 1269 1448 1032 1259 1110 1347 1434 1960 1455 1923 1869 1760 1130 1416 1705 1818 1278 1790 1591 1089 1379 1551 1051 1852 1723 1498 1242 1496 1314 1928 1619 1994 1010 1207 1832 1303 1734 1024 1365 1292 1649 1680 1047 1264 1089 1381 1938 1604 1158 1550 1107 1200 1708 1628 1099 1160 1710 1641 1016 1119 1098 1813 1876 1985 1227 1023 1388 1177 BCNSPRNW ULIB Ver.6.0+V

เปลี่ยนเป็นภาษาไทย

Change to English
 แสดงรายละเอียดบรรณานุกรม
  กลับหน้าหลัก

Brief Record : Get Marc (ISO 2709) : E-mail record : QR code < ปิดหน้าต่าง
LEADER : 00000nam 2200000uu 4500
001    13399114339
003     ULIB
008    120322s2551||||th 000 0 tha d
020    ^a9789741654345
090    ^aนว.^bน713ล 2551
100 0  ^aนีรดา
245 00 ^aเล่ห์รักพายุปรารถนา/^cนีรดา
250    ^aพิมพ์ครั้งที่ 1
260    ^aกรุงเทพฯ :^bsugar beat,^c2551
300    ^a247 หน้า
710 1  ^asugar beat
945    ^p160^l0^i15300
995    ^aกัณชพร
999    ^aใช้งานได้ทุกระบบ
รายการนี้ยังไม่มีแท็ก
คุณยังไม่ได้ล็อกอิน คุณสามารถมีกิจกรรมร่วมกับเว็บไซต์ได้ แต่ต้องล็อกอินก่อน ::
  ล็อกอิน

รายการสื่อสารสนเทศ

ลำดับที่ ประเภท เลขเรียก/บาร์โค้ด สถานที่ สถานะ
1. วิทยาศาสตร์การแพทย์ และสุขภาพ
วิทยาศาสตร์การแพทย์ และสุขภาพ
นว. น713ล 2551  
  Barcode: 15300
ห้องสมุดวิทยาเขตสวรรค์ประชารักษ์
►นวนิยาย
บนชั้น
  ขอยืม

BibComment


ยังไม่เคยถูกคอมเมนท์

คอมเมนท์ทรัพยากรรายการนี้
  คอมเมนท์: เล่ห์รักพายุปราร..


 Copyright 2026. Bcnsprnw @Library